Ethics Integrity and Aptitude/ (Record no. 201731)
[ view plain ]
| 000 -LEADER | |
|---|---|
| fixed length control field | 00642nam a22001937a 4500 |
| 005 - DATE AND TIME OF LATEST TRANSACTION | |
| control field | 20240322115853.0 |
| 010 ## - LCCN (DPL NO) | |
| LC control number | ENG-139905 |
| 020 ## - INTERNATIONAL STANDARD BOOK NUMBER | |
| Terms of availability | 400.00 |
| International Standard Book Number | 9788196241018 |
| 035 ## - SYSTEM CONTROL NUMBER | |
| System control number | EN-123437 |
| 037 ## - SOURCE OF ACQUISITION | |
| Source of stock number/acquisition | DBAD/PUB |
| 082 ## - DEWEY DECIMAL CLASSIFICATION NUMBER | |
| Classification number | 000 |
| Edition number | 2 |
| 100 ## - MAIN ENTRY--PERSONAL NAME | |
| Personal name | Ravish, Sushruth |
| 245 ## - TITLE STATEMENT | |
| Title | Ethics Integrity and Aptitude/ |
| Statement of responsibility, etc | By Sushruth Ravish [and] Aparna Dixit |
| 260 ## - PUBLICATION, DISTRIBUTION, ETC. (IMPRINT) | |
| Place of publication, distribution, etc | Pune |
| Name of publisher, distributor, etc | Unique Academy Publication(P)Ltd. |
| Date of publication, distribution, etc | 2022 |
| 270 ## - ADDRESS | |
| Address | 1202/39,Vastu Chambers,Opp fargusson College Main Gate ,Shirole Road |
| City | Pune |
| Telephone number | 7775083344 |
| 300 ## - PHYSICAL DESCRIPTION | |
| Extent | 412p |
| Dimensions | 24cm(pb) |
| 700 ## - ADDED ENTRY--PERSONAL NAME | |
| Personal name | Dixit ,Aparna |
| 9 (RLIN) | 63856 |
| 942 ## - ADDED ENTRY ELEMENTS (KOHA) | |
| Source of classification or shelving scheme | Dewey Decimal Classification |
| Item type | English Books |
| Call number suffix | RAV |
| Classification part | 000 |
| Edition | 2 |
| Withdrawn status | Lost status | Not for loan | Collection code | Home library | Current library | Date acquired | Source of acquisition | Cost, normal purchase price | Full call number | Barcode | Cost, replacement price | Koha item type |
|---|---|---|---|---|---|---|---|---|---|---|---|---|
| Non-fiction | Bawana | Bawana | 22/03/2024 | DBAD | 400.00 | RAV 000 | EN-123437 | 400.00 | English Books |
